[Event "GER-ch U12 Girls"]
[Site "Willingen"]
[Date "2020.10.31"]
[Round "7"]
[White "Modali, Nikhilamrutha"]
[Black "Heutling, Sarah"]
[Result "1-0"]
[WhiteElo "1193"]
[BlackElo "1197"]
[PlyCount "75"]
[EventDate "2020.10.26"]
[EventType "swiss"]
[EventRounds "7"]
[EventCountry "GER"]
[SourceTitle "CBM 199 Extra"]
[Source "ChessBase"]
[SourceDate "2021.01.31"]
[SourceVersion "1"]
[SourceVersionDate "2021.01.31"]
[SourceQuality "1"]

1. e4 e5 2. Nf3 Nc6 3. Bc4 Bc5 4. c3 Nf6 5. d3 0-0 6. Nbd2 d5 7. exd5 Nxd5 8. 0-0 Bg4 9. Re1 Re8 10. Nf1 h6 11. h3 Bh5 12. Ng3 Bg6 13. Qb3 Nb6 14. Bb5 Na5 15. Qd1 c6 16. b4 cxb5 17. bxc5 Nd7 18. d4 exd4 19. Rxe8+ Qxe8 20. cxd4 Nc4 21. Nh4 Bh7 22. Ngf5 g6 23. Nxh6+ Kg7 24. Bf4 Nf6 25. Qf3 Nh5 26. Bg5 Qe6 27. g4 Nf6 28. Qxb7 Re8 29. Qxb5 a6 30. Qb7 Re7 31. Qf3 Rc7 32. Rd1 Nb2 33. Rb1 Nc4 34. Rb8 Na5 35. Rb6 Qe8 36. Qxf6+ Kf8 37. Qh8+ Bg8 38. Qxg8# 1-0

[Event "GER-ch U12 Girls"]
[Site "Willingen"]
[Date "2020.10.30"]
[Round "6"]
[White "Heutling, Sarah"]
[Black "Heuberger, Sandra"]
[Result "1-0"]
[WhiteElo "1197"]
[BlackElo "1004"]
[PlyCount "107"]
[EventDate "2020.10.26"]
[EventType "swiss"]
[EventRounds "7"]
[EventCountry "GER"]
[SourceTitle "CBM 199 Extra"]
[Source "ChessBase"]
[SourceDate "2021.01.31"]
[SourceVersion "1"]
[SourceVersionDate "2021.01.31"]
[SourceQuality "1"]

1. e4 e5 2. Nf3 Nc6 3. Bc4 Nf6 4. d4 exd4 5. e5 d5 6. Bb5 Ne4 7. Nxd4 Bd7 8. Nxc6 Bxc6 9. Bxc6+ bxc6 10. 0-0 Bc5 11. Qe2 0-0 12. Nd2 Nxd2 13. Bxd2 Re8 14. Rfe1 Rb8 15. Rab1 f6 16. b4 Bd4 17. e6 Qd6 18. Qg4 Be5 19. Bh6 Re7 20. f4 Bd4+ 21. Kh1 Rxb4 22. Rbc1 Bc3 23. Re2 c5 24. Qg3 Bd4 25. c3 Rc4 26. Rb1 Qd8 27. cxd4 Rxd4 28. f5 Rb4 29. Rxb4 cxb4 30. Rf2 d4 31. Bd2 c5 32. Rf4 h5 33. Qh3 Qe8 34. g4 Qa4 35. Qb3 Qc6+ 36. Qf3 Qa4 37. Qb3 Qc6+ 38. Kg1 h4 39. h3 a5 40. a3 a4 41. Qb2 b3 42. Be1 d3 43. g5 c4 44. gxf6 Qc5+ 45. Kh2 Rc7 46. f7+ Kf8 47. Bb4 Qxb4 48. axb4 c3 49. Rxh4 Ke7 50. Qg2 Rc8 51. Qb7+ Kf6 52. Qxc8 c2 53. f8Q+ Ke5 54. Qcc5# 1-0

[Event "GER-ch U10 Girls"]
[Site "Willingen"]
[Date "2019.06.14"]
[Round "9"]
[White "Oellrich, Emma"]
[Black "Heutling, Sarah"]
[Result "0-1"]
[WhiteElo "1484"]
[BlackElo "1147"]
[PlyCount "134"]
[EventDate "2019.06.08"]
[EventType "swiss"]
[EventRounds "11"]
[EventCountry "GER"]
[SourceTitle "EXT 2020"]
[Source "ChessBase"]
[SourceDate "2019.10.17"]
[SourceVersion "1"]
[SourceVersionDate "2019.10.17"]
[SourceQuality "1"]

1. e4 e5 2. Nf3 Nc6 3. Bc4 Bc5 4. c3 Nf6 5. d4 exd4 6. e5 d5 7. Bb5 Ne4 8. cxd4 Bb6 9. Nc3 0-0 10. Be3 Bg4 11. h3 Bh5 12. Qc2 Bg6 13. Qb3 Nxc3 14. bxc3 f6 15. Bxc6 bxc6 16. 0-0 fxe5 17. Nxe5 Qd6 18. Qa4 c5 19. Nxg6 hxg6 20. Rac1 c6 21. Qa3 Bc7 22. g3 Rf3 23. Bf4 Rxf4 24. gxf4 Qxf4 25. Rfe1 Qh2+ 26. Kf1 Qxh3+ 27. Ke2 Re8+ 28. Kd2 Bf4+ 29. Kc2 Qf5+ 30. Kb3 Rb8+ 31. Ka4 Bxc1 32. Rxc1 Qc8 33. Qxc5 Qa6+ 34. Qa5 Qc4+ 35. Ka3 Rb6 36. Qxa7 Ra6+ 37. Qxa6 Qxa6+ 38. Kb2 Qc4 39. Ra1 c5 40. dxc5 Qxc5 41. a4 Qxf2+ 42. Kb3 Qb6+ 43. Kc2 d4 44. a5 Qa6 45. cxd4 Qc4+ 46. Kb2 Qxd4+ 47. Kb1 g5 48. a6 Qa7 49. Kb2 g4 50. Ra3 g3 51. Rxg3 Qxa6 52. Rc3 Qf6 53. Kc2 g5 54. Kd2 g4 55. Re3 Qf2+ 56. Re2 Qf4+ 57. Ke1 Qf3 58. Rf2 Qh3 59. Ke2 g3 60. Rf1 Qh2+ 61. Kf3 g2 62. Ra1 g1Q 63. Ra8+ Kf7 64. Ra6 Qh4 65. Ra2 Qgg3+ 66. Ke2 Qhh2+ 67. Kf1 Qgg1# 0-1

[Event "GER-ch U10 Girls"]
[Site "Willingen"]
[Date "2019.06.12"]
[Round "7"]
[White "Heutling, Sarah"]
[Black "Neininger, Sarah"]
[Result "1-0"]
[WhiteElo "1147"]
[BlackElo "920"]
[PlyCount "91"]
[EventDate "2019.06.08"]
[EventType "swiss"]
[EventRounds "11"]
[EventCountry "GER"]
[SourceTitle "EXT 2020"]
[Source "ChessBase"]
[SourceDate "2019.10.17"]
[SourceVersion "1"]
[SourceVersionDate "2019.10.17"]
[SourceQuality "1"]

1. e4 d5 2. exd5 Nf6 3. Nf3 Nxd5 4. d4 g6 5. Be2 Bg7 6. a3 0-0 7. 0-0 Nc6 8. c4 Nb6 9. Be3 Bg4 10. b3 Bxf3 11. Bxf3 Nxd4 12. Bxb7 Rb8 13. Be4 e5 14. Nc3 c6 15. Rb1 Re8 16. Qd2 Ne6 17. Bxc6 Qxd2 18. Bxd2 Red8 19. Nd5 Rbc8 20. Ne7+ Kf8 21. Nxc8 Rxd2 22. Nxb6 axb6 23. Rbd1 Rc2 24. a4 Rb2 25. Rd3 Nd4 26. Bb7 Rxb3 27. Rxb3 Nxb3 28. Rd1 Nd4 29. Rb1 Ne2+ 30. Kf1 Nc3 31. Rxb6 e4 32. a5 Bd4 33. Rc6 f5 34. a6 Ke7 35. Rc7+ Kd6 36. Rxh7 Kc5 37. a7 Kxc4 38. a8Q Kd3 39. Rh3+ e3 40. fxe3 Bxe3 41. Qd8+ Kc2 42. Rxe3 Kc1 43. Rxc3+ Kb2 44. Qd2+ Kb1 45. Qc2+ Ka1 46. Ra3# 1-0